000 00563nam a2200169 i 4500
001 77161
003 ES-MaACL
005 20230906173113.0
007 t|
008 041007s1971 sp ||||1| spa d
100 1 _aGutiérrez García, José Luis.
_961152
245 1 0 _aConceptos fundamentales en la Doctrina social de la Iglesia /
_cJosé Luis Gutiérrez García.
260 _aMadrid :
_bCentro de Estudios Sociales del Valle de los Caídos,
_c[1971]
300 _av. ;
_c25 cm.
500 _aSon los v. 1º, 2º, y 4º.
852 _aES-MaACL
_jP-1554
_bR.77096
999 _c77161
_d77161